000 00409cam a22001097a 4500
008 180718b1958 xxu||||| |||| 00| 0 eng d
082 _aX2x42 Un3f
245 _aFlats and houses : design and economy
_cby Ministry of Housing and Local Government, United Kingdom
260 _aLondon
_bHer Majesty's Stationery Office
_c1958
300 _a154+p.
700 _aUnited Kingdom.Ministry of Housing and Local Government,
999 _c425173
_d425173